[Event "IECC CL7-2012.11 email"]
[Site "IECC email"]
[Date "2012.10.14"]
[Round "?"]
[White "Aljabry, Ahmed Ali"]
[Black "Campbell, Graham G"]
[Result "0-1"]
[WhiteElo "1080"]
[BlackElo "1205"]
[PlyCount "70"]
[EventDate "2012.??.??"]
[EventType "tourn (corr)"]
[EventRounds "4"]
[SourceTitle "Telechess CBM 165"]
[Source "ChessBase"]
[SourceDate "2015.03.11"]
[SourceVersion "1"]
[SourceVersionDate "2015.03.11"]
[SourceQuality "1"]
[WhiteTeam "KSA"]
[BlackTeam "US of America"]
[BlackTeamCountry "USA"]

1. e4 e5 2. Nf3 Nc6 3. d4 exd4 4. c3 dxc3 5. Nxc3 Bb4 6. Bd2 d6 7. Bc4 d5 8. b3 Nf6 9. exd5 Qe7+ 10. Qe2 Qxe2+ 11. Nxe2 Bxd2+ 12. Nxd2 Nb4 13. 0-0 Nbxd5 14. Ng3 0-0 15. Nde4 Nxe4 16. Nxe4 Nb6 17. f4 Nxc4 18. bxc4 Bf5 19. Ng3 Bd3 20. Rfc1 Rad8 21. c5 Rfe8 22. a4 Rd4 23. Rd1 Red8 24. Re1 Rxf4 25. Re3 Bc2 26. Rae1 Kf8 27. Nh5 Rxa4 28. Ng3 b5 29. Re7 Rc8 30. Rd7 b4 31. Ree7 Bg6 32. Ne2 b3 33. Nc3 Rc4 34. Rxc7 Rxc7 35. Rxc7 Rxc3 0-1

[Event "IECC O-3499"]
[Site "IECC email"]
[Date "2012.09.16"]
[Round "?"]
[White "Aljabry, Ahmed Ali"]
[Black "Cook, Thomas G"]
[Result "0-1"]
[WhiteElo "1100"]
[BlackElo "1117"]
[PlyCount "28"]
[EventDate "2012.??.??"]
[EventType "swiss (corr)"]
[EventRounds "2"]
[SourceTitle "Corr 2020"]
[Source "ChessBase"]
[SourceDate "2019.09.30"]
[SourceVersion "1"]
[SourceVersionDate "2019.09.30"]
[SourceQuality "1"]
[WhiteTeam "KSA"]
[BlackTeam "United States"]
[BlackTeamCountry "USA"]

1. e4 d5 2. exd5 Nf6 3. Bc4 Nxd5 4. Nf3 Bg4 5. 0-0 e6 6. Qe1 Bxf3 7. gxf3 Qg5+ 8. Kh1 Qf4 9. d3 Qxf3+ 10. Kg1 Bd6 11. Bxd5 Qh5 12. f4 Qxd5 13. f5 Qe5 14. c3 Qxh2# 0-1